000 00265nam a2200109Ia 4500
008 240625s9999 xx 000 0 und d
041 _aeng
082 _a332.632 TAL
100 _aTALWAR SHALINI
245 _aSECURITY ANALYSIS AND PORTFOLIO MANAGEME
260 _c2016
999 _c35185
_d35185